000 00595nam a22002057a 4500
003 koha_MIRAKIL
005 20231213100105.0
008 231213b |||||||| |||| 00| 0 ||| d
020 _b978-6-05-332575-8
040 _aTR-IsEVY
_btur
_cTR-IsEVY
082 _aFIC VOA/Ş
100 _aVoake, Steve.
245 0 _aŞaheser Şenşakrak ve gizli gölet
250 _a1. bs.
260 _bTürkiye İş Bankası Kültür Yayınları,
_c2015
300 _a95 s.
650 _aChildren's literature -- Fiction, English.
650 _aÇocuk edebiyatı -- Roman, İngiliz.
942 _2ddc
_cBK
999 _c14363
_d14363